01274nab a22002657a 4500003000400000005001700004008004100021040000700062100003600069245010200105260004200207300001200249500003700261505032300298505008900621650002000710650001300730650002800743650002400771650002400795650002700819650001700846650002500863773012000888OSt20260201154300.0190506c xxu||||| |||| 00| 0 spa d cPJ aChartzman Birenbaum, Alberto D.13aLos límites de la digitalización en las relaciones laborales /bAlberto Chartzman Birenbaum.  aBuenos Aires :bAbeledoPerrot,c2023. ap. 3-12 aCita: TR LALEY AR/DOC/1709/2023  aSumario: I. Introducción.— II. El futuro del trabajo en la era post COVID-19.— III. El trabajo decente crucial para el desarrollo sostenible.— IV. Los límites en la digitalización de las relaciones laborales.— V. Hacia el nuevo paradigma laboral.— VI. Conclusiones.— VII. Bibliografía de consulta.  t¿Te interesa el texto completo? Comunicate al correo: koha@justierradelfuego.gov.ar 0aDERECHO LABORAL 0aINTERNET 0aINTELIGENCIA ARTIFICIAL 0aDERECHO INFORMATICO 0aCONTRATO DE TRABAJO 0aCONDICIONES DE TRABAJO 0aREMUNERACION 0aRELACIONES LABORALES0 02751dBuenos Aires : AbeledoPerrot, 2013-tRevista de derecho laboral y seguridad social. Nº 17 - Septiembre 2023